| 000 | 00855nam a2200217 a 4500 | ||
|---|---|---|---|
| 003 | 0 | ||
| 005 | 20250303102558.0 | ||
| 008 | 090707s19uu xx 00 eng d | ||
| 050 |
_aPGS ML 3838 _b.V718 2009 |
||
| 100 | _aVillanueva, Rosangela Camille A. | ||
| 245 |
_aThe effects of enrolling in center for pop music / _cRosangela Camille A. Villanueva. |
||
| 260 |
_aLas PiƱas City, Philippines : _bSouthville International School and Colleges, _c2009. |
||
| 300 |
_a30 pages : _bcolored illustrations ; _c28 cm. |
||
| 504 | _aIncludes bibliographic references. | ||
| 650 |
_aSinging _vInstruction and study. |
||
| 650 |
_aMusic schools _vEffects on students. |
||
| 650 |
_aMusic training _vPsychological aspects. |
||
| 650 |
_aPopular music _vEducation and training. |
||
| 650 |
_aPerformance arts _vImpact on students. |
||
| 942 |
_2lcc _cPASS |
||
| 999 |
_c98222 _d98222 |
||